000 00755cam a2200277 i 4500
001 14147
003 CO-MdFUSB
005 20220621104019.0
008 220621b2006 sp a|||| |||| 00| 0 spa d
020 _a8430116060
040 _bspa.
_aCO-MdFUSB
_cCO-MdFUSB
_dCO-MdFUSBC
_erda
041 _aspa
082 0 4 _a222.12
_bA5528i
100 1 _aAndiñach, Pablo R.
245 1 0 _aEl libro del Éxodo
_c Pablo R. Andiñach
264 1 _aSalamanca :
_bEdiciones Sígueme,
_c[2006]
264 4 _c© 2006
300 _a496 páginas
_c;
336 _2rdacontent
_atexto
_btxt
337 _2rdamedia
_asin mediación
_bn
338 _2rdacarrier
_avolumen
_bnc
501 _aPasta dura
630 0 7 _aBiblia.
_pÉxodo
942 _cREF
945 _aEstudiante
999 _c43057
_d43057